000 00701nam a2200217 a 4500
001 76495
003 BD-RjUL
005 20211209082842.0
008 191211s1958 enk 000 0 eng u
035 _aocm01387866
035 _a(BD-RjUL)76718
040 _aGOM
_dOCL
_beng
_cBD-RjUL
041 _aeng
082 _223
_a808.3
_bWEC 1958
100 1 _aWest, Rebecca,
_d1892-1983.
_9236342
245 1 4 _aThe Court and the castle :
_ba study of the interactions of political and religious ideas in imaginative literature /
_cby Rebecca West
260 _aLondon :
_bMacmillan,
_c1958
300 _avii, 240 p. ;
_c22 cm.
650 0 _aLiterature, Modern
_xHistory and criticism
_9236343
942 _2ddc
_cBK
999 _c76495
_d76495